000 01849cam a22004458i 4500
001 945434423
003 OCoLC
005 20241110181014.0
006 m o d
007 cr |||||||||||
008 160321s2017 nyu ob 001 0 eng
010 _a 2016013648
020 _a9781259835865
035 _a(OCoLC)945434423
040 _aDLC
_beng
_erda
_cDLC
_dOCLCQ
_dCUY
_dOCLCO
_dOCLCF
_dCUY
_dOCLCA
042 _apcc
049 _aYYEA
080 _a616.8
_bH-25
100 _9101
_aKasper,L. Dennis
245 0 0 _aHarrison's neurology in clinical medicine
_ceditor, Stephen L. Hauser ; associate editor, S. Andrew Josephson.
246 3 _aNeurology in clinical medicine.
246 3 _aHarrison's principles of internal medicine.
250 _a4th ed.
260 _aNew York :
_bMcGraw-Hill Education Medical,
_c2017
263 _a1610.
300 _a928 p.
_bill
365 _b21 usd
500 _aAbridgement of: Harrison's Principles of Internal Medicine / editors, Dennis L. Kasper, Anthony S. Fauci, Stephen L. Hauser, Dan L. Longo, J. Larry Jameson, Joseph Loscalzo. 19th edition. [2015].
500 _aEINSTEIN: available online vai AccessNeurology.. See Reference staff for assistance.
504 _aIncludes bibliographical references and index.
650 2 _aNervous System Diseases.
650 0 _aNeurology
_9100
653 _aნევროლოგია
653 _aნერვული სისტემა
700 1 _aHauser, Stephen L.
700 1 _aJosephson, Scott Andrew.
730 0 _iAbridgement of (work):
_aHarrison's principles of internal medicine.
_s19th edition.
776 0 8 _iPrint version:
_tHarrison's neurology in clinical medicine.
_bFourth edition.
_dNew York : McGraw-Hill Education Medical, [2017]
_z9781259835865
_w(DLC) 2016013115
_w(OCoLC)945434337.
942 _2udc
_cBK
_e4
999 _c78
_d78